| 000 | 01311nam a22002777a 4500 | ||
|---|---|---|---|
| 005 | 20080929101452.0 | ||
| 008 | 080929t xxu||||| |||| 00| 0chin d | ||
| 010 | _aHIN-92077 | ||
| 020 |
_a9789380417127 _c400.00 |
||
| 035 | _aHN-64423 | ||
| 037 | _bDBAD / PUB | ||
| 040 |
_aDPL _bHN |
||
| 082 | _a423.41 | ||
| 100 | _926640 | ||
| 245 |
_aपंचानवे भाषाओं का समेकित पर्याय शब्दकोश / _cराजेन्द्र प्रसाद सिंह;शशिकला द्वारा संपादित |
||
| 246 |
_a Pachanve Bhashaon kasamekit paryay shabd kosh _bby Rajendra prasad singh &shshikala |
||
| 260 |
_aकानपुर _bअमन प्रकाशन _c2010 |
||
| 270 |
_a104A/ 118 रामबाग, _bकानपुर _kOff-0512-2543480, 09839218516 ,0512-2574766 _e208012 _l0512-2543480 |
||
| 300 |
_a296पृ. _c22सेमी (सजिल्द) |
||
| 650 | _9697 | ||
| 650 | _9698 | ||
| 700 |
_926643 _aशशिकला |
||
| 710 |
_aशशिकला _926662 |
||
| 942 |
_2ddc _cHN _h423.41 _mपंचान |
||
| 999 |
_c51137 _d51137 |
||